000 00724cam a22002172a 4500
001 016798
003 AR-FADEU
008 311216n2003####xxu####################dd
020 _a950-557-565-3
092 _a339.320 982
_bP211
100 _aPaolera, Gerardo Della
245 _aTensando el ancla : la caja de conversión argentina y la búsqueda de la estabilidad macroeconómica, 1880-1935
260 _aMéxico
260 _bFondo de Cultura Económica
260 _c2003
300 _a320 p. : il., gráf., cuad
500 _aIncluye bibliografía. App: p. 261-290
700 _aAlan M., Taylor
650 _aMACROECONOMIA-ARGENTINA-1880-1935; BARING-CRISIS; ECONOMIA ARGENTINA-ENTREGUERRAS
942 _cBDGR
999 _c22550
_d22550